Five black cats / [by Patricia Hegarty ; illustrated by Julia Woolf].
"Five black cats set out through shadowy streets and dark forests. Along the way, they encounter bats and glowing jack o' lanterns. Then, they follow a tiny white mouse into a spooky old house for an annual Halloween party"-- Provided by publisher.
Record details
- ISBN: 9781589256118
- ISBN: 1589256115
- ISBN: 9781589252394
- ISBN: 158925239X
- Physical Description: 1 volume (unpaged) : color illustrations ; 21 cm
- Publisher: Wilton, CT : Tiger Tales, 2013.
Content descriptions
| General Note: | On board pages. Cover title. |
Search for related items by subject
| Subject: | Cats > Juvenile fiction. Halloween > Juvenile fiction. Board books. |
| Genre: | Juvenile works Stories in rhyme. Fiction. Board books. Novels. |
| LDR | 01522cam a2200397 i 4500 | ||
|---|---|---|---|
| 001 | 139757 | ||
| 003 | SBPL | ||
| 005 | 20180109070439.0 | ||
| 008 | 130402s2013 ctua a 000 1 eng | ||
| 010 | . | ‡a 2013009974 | |
| 020 | . | ‡a9781589256118 ‡q(board bk.) | |
| 020 | . | ‡a1589256115 ‡q(board bk.) | |
| 020 | . | ‡a9781589252394 | |
| 020 | . | ‡a158925239X | |
| 035 | . | ‡a(CONS)139757 | |
| 035 | . | ‡a(OCoLC)841039492 ‡z(OCoLC)841898428 | |
| 050 | 0 | 0. | ‡aPZ8.3.H3976 ‡bFi 2013 |
| 082 | 0 | 0. | ‡a[E] ‡223 |
| 100 | 1 | . | ‡aHegarty, Patricia. : ‡eauthor |
| 245 | 1 | 0. | ‡aFive black cats / ‡c[by Patricia Hegarty ; illustrated by Julia Woolf]. |
| 246 | 3 | . | ‡a5 black cats |
| 264 | 1. | ‡aWilton, CT : ‡bTiger Tales, ‡c2013. | |
| 300 | . | ‡a1 volume (unpaged) : ‡bcolor illustrations ; ‡c21 cm | |
| 336 | . | ‡atext ‡btxt ‡2rdacontent | |
| 336 | . | ‡astill image ‡bsti ‡2rdacontent | |
| 337 | . | ‡aunmediated ‡bn ‡2rdamedia | |
| 338 | . | ‡avolume ‡bnc ‡2rdacarrier | |
| 500 | . | ‡aOn board pages. | |
| 500 | . | ‡aCover title. | |
| 520 | . | ‡a"Five black cats set out through shadowy streets and dark forests. Along the way, they encounter bats and glowing jack o' lanterns. Then, they follow a tiny white mouse into a spooky old house for an annual Halloween party"-- ‡cProvided by publisher. | |
| 650 | 0. | ‡aCats ‡vJuvenile fiction. | |
| 650 | 0. | ‡aHalloween ‡vJuvenile fiction. | |
| 650 | 0. | ‡aBoard books. | |
| 655 | 7. | ‡aJuvenile works | |
| 655 | 7. | ‡aStories in rhyme. ‡2lcgft | |
| 655 | 7. | ‡aFiction. ‡2lcgft | |
| 655 | 7. | ‡aBoard books. ‡2lcgft | |
| 655 | 7. | ‡aNovels. ‡2lcgft | |
| 700 | 1 | . | ‡aWoolf, Julia,: ‡eillustrator. |
| 901 | . | ‡a139757 ‡bUnknown ‡c139757 ‡tbiblio | |